| 000 | 00000nam##2200000za#4500 |
| 001 | 9.602184 |
| 003 | CaOODSP |
| 005 | 20210624210437 |
| 007 | cr ||||||||||| |
| 008 | 150406|2001||||xxc|||||o f|0| 0 fre|d |
| 040 | |aCaOODSP|bfre |
| 043 | |an-cn--- |
| 086 | 1 |aNH18-23/78F-PDF |
| 110 | 2 |aSociété canadienne d'hypothèques et de logement. |
| 245 | 13|aLe projet Headwaters : |h[ressource électronique]|bplan conceptuel du quartier d'East Clayton |
| 260 | |aOttawa - Ontario : |bSociété canadienne d'hypothèques et de logement |cFévrier 2001. |
| 300 | |a8p.|bfigure, graphique, carte, tableaux |
| 490 | 1 |aLe point en recherche. Série socio-économique|v78 |
| 590 | |a11-23-Supp|b2011-10-17 |
| 691 | 07|aDéveloppement durable|2gcpds |
| 775 | 08|tThe Headwaters Project : |w(CaOODSP)9.571757 |
| 776 | 0#|tLe projet Headwaters - plan conceptuel du quartier d'East Clayton |w(CaOODSP)9.625782 |
| 830 | #0|aLe point en recherche. Série socio-économique ;|v78|w(CaOODSP)9.501568 |
| 856 | 40|ahttp://publications.gc.ca|qPDF|s610 Ko|uhttps://publications.gc.ca/collections/Collection/NH18-23-78F.pdf|y78 |